000 00640nam a2200217Ia 4500
008 191130s2010##################000#0#eng##
020 _a9780071625876
040 _aACL
_cACL
082 _a303.6 ROB
100 _aRoberts, Ceri
245 _aBoost your child’s Immune system
_cCeri Roberts
260 _aLondon
_bTeach Yourself
_c2010
300 _axxviii, 242 p. : ill. ; 20 cm.
650 _aChildren - Health and hygiene
650 _aChildren - Nutrition
650 _aExercise for children
650 _aPhysical fitness for children
990 _a998d02d1ac10000c59e4be67fcd76d82
991 _a208300
999 _c118603
_d118603